00245nam a2200109Ia 4500008004100000041001200041082001100053100001200064245004600076260000600122650000700128221030s9999 xx 000 0 und d aEnglish a105.23 aS Ghosh 0aHardware Description Languagecby S Ghosh c0 aMc